000 01152cam a2200313 a 4500
003 CHAP
005 20220329142528.0
008 010912d1978 mx 00 spa d
010 _a84602
011 _a85574
035 _a96108
040 _cCHAP
100 0 0 _aZepeda Romero, Jesús Manuel.
_9123942
245 0 0 _aPenetración de los programas de divulgación de la S.A.R.H., en el Valle del Yaquí, de diciembre 1977 a julio 1978
_c/por Jesús Manuel Zepeda Romero
260 _aChapingo, Méx. :
_bEl autor,
_c1978.
300 _a55 h.
500 _aTesis (Ing. Agr. Esp. en Sociología Rural) -- UACH. Departamento de Sociología Rural
590 _aBATCH-UPD
_b10
_c20130110
_lUCH01
_h1807
590 _aBATCH-UPD
_b10
_c20130410
_lUCH01
_h1142
590 _aBATCH-UPD
_b10
_c20130914
_lUCH01
_h0839
590 _aCONVERSION
_b10
_c20130109
_lUCH01
_h1347
650 1 4 _aCapacitación.
_918690
650 1 4 _aComunicación en agricultura.
_926212
901 _aBK
905 _aLilia Sánchez G.
942 _cFOLL
949 _aTesis
_bBC
_cTES
_d33724000855409
_eTS2
_fc.2
_h38479
_i96108
_sb
949 _aTesis
_bBC
_cTES
_d961081
_eTS1
_h38478
_i96108
_sb
999 _c84602
_d84602